000 00653nam a2200229 a 4500
001 0001-1387
003 ELIB.Books
008 160727 2010 eng
020 _a0060642823 (cloth)
035 _a(ELIB.Books)0001-1542
092 _a291.1
_bWin
100 _aJohnson, Luke Timothy.
245 _aPeace Is The Way
_bWritings On Nonviolence from the Fellowship of Reconciliation
260 _aMaryknoll
_bOrbis Books
_c2000
300 _a210
_c22 Cm
650 _aPeace-Religious Aspects
856 _nKBTS Library
_uKBTS: ELIB
942 _2ddc
_cBK
990 _a1
998 _cbat
_e2016-07-27
_mcat
_u2019-08-09
999 _c11387
_d11387